000 00314nam a22001457a 4500
008 210527b ||||| |||| 00| 0 eng d
020 _a9781439081037
041 _aeng
080 _a004
082 _a004
100 _a28
101 _aSHKI
245 _aMicrosoft Windows 7
_cGary B. Shelly
942 _2udc
_cBK
999 _c57707
_d57707